Foundations of forensic document analysis theory and practice

Gespeichert in:
Bibliographische Detailangaben
1. Verfasser: Allen, Michael 1959-
Format: Buch
Sprache:Englisch
Veröffentlicht: Chichester, West Sussex ; Hoboken, NJ John Wiley & Sons, LTD, 2015
Schriftenreihe:Essentials of forensic science
Schlagworte:
Online-Zugang:Im OPAC anzeigen
Tags: Tag hinzufügen
Keine Tags, Fügen Sie das erste Tag hinzu!

MARC

LEADER 00000nam a2200000 a 4500
005 20260127134148.0
008 151120 2015 000 0 eng d
020 |a 9781118646892 (cloth) 
035 |a vtls011349462 
039 9 |a 201511201104  |b mschk03  |c 201511201102  |d mschk03  |y 201511201101  |z mschk03 
040 |a STUSCHK1  |b slo  |c STUSCHK1  |e AACR2 
100 1 |a Allen, Michael  |d 1959- 
245 1 |a Foundations of forensic document analysis  |b theory and practice  |c Michael Allen 
260 |a Chichester, West Sussex ; Hoboken, NJ  |b John Wiley & Sons, LTD,  |c 2015 
300 |a ix, 244 s.  |b il.  |c 24 cm 
490 0 |a Essentials of forensic science 
504 |a Includes bibliographical references and index 
650 0 |a Documentation 
650 0 |a Forensic Sciences--methods 
650 0 |a Records as Topic 
910 |a SCHK95 
919 |a 978-1-118-72993-9 
999 |c 5543  |d 5543